000 00540nam a2200181Ia 4500
003 OSt
005 20200805101828.0
008 190216s9999||||xx |||||||||||||| ||und||
020 _a9788120318137
040 _coclc
082 _a518
_bRAO/N
100 _aRao, K Sankara
_93896
245 0 _aNumerical Methods For Scientists And Engineers /
_cK Sankara Rao
260 _bPrentice Hall Of India Pvt Ltd,
_c2001.
_aNew Delhi:
300 _a256p
650 _aMathematics
942 _cBK
_2ddc
_h518
_iRAO/N
_k518
_mRAO/N
999 _c31747
_d31747